000 00755nac a22002297a 4500
001 BR7500229
003 BR-BrBNA
005 20240105113828.0
008 230509b bl.|||m| |||| 00| 0 por d
040 _aBR-BrBNA
_bpor
_cBiblioteca Nacional de Agricultura
072 _aA00
090 _aA00 BR7500229
110 1 _aFundacao Universidade de Brasilia, DF (Brasil)
_95034
245 1 _aRelatorio geral das atividades 1974 [Fundacao Universidade de Brasilia, Bibliografia, Brasil]
260 3 _aBrasilia, DF (Brasil):
_c1974.
300 _a327 p.
490 _aRelatorio - Fundacao Universidade de Brasilia (Brazil)
_v
_x
650 _aAGRICULTURA
650 _aBRASILIA
909 _a202312
_bLúcia Elande
_c55
_dLúcia Elande
942 _2AGRIS
_n0
_cMS
999 _c265818
_d265818